| 000 | 00836nac a22002777a 4500 | ||
|---|---|---|---|
| 001 | BR6002754 | ||
| 003 | BR-BrBNA | ||
| 005 | 20240521113116.0 | ||
| 008 | 230509b bl.|||m| |||| 00| 0 por d | ||
| 040 |
_aBR-BrBNA _bpor |
||
| 072 | _aC00 | ||
| 090 |
_aC00 _bBR6002754 |
||
| 110 | 1 | _aUniversidade Federal de Viçosa | |
| 245 | 1 | _aRelatório anual da Escola Superior de Ciências Domesticas / | |
| 260 | 3 |
_aVicosa, MG (Brasil): _c1969. |
|
| 300 | _a89 p. | ||
| 490 | _aRelatorio - Universidade Federal de Vicosa. Escola Superior de Ciencias Domesticas (Brazil) | ||
| 650 | _aENSINO SUPERIOR | ||
| 650 | _aPROGRAMA EDUCACIONAL | ||
| 650 | _aUNIVERSIDADE FEDERAL | ||
| 650 | _aCURSO | ||
| 650 | _aVICOSA | ||
| 650 | _aMINAS GERAIS | ||
| 909 |
_a05/2024 _bSarah |
||
| 942 | _cMS | ||
| 999 |
_c261642 _d261642 |
||